000 00339nam a22001337a 4500
008 250217b |||||||| |||| 00| 0 eng d
020 _a0043310974
050 _aHD6508
_b.H57
100 _aHIRSCH, Barry T
245 _aThe Economics Analysis of Unions
260 _aLondon
_bBoston Allen & Union
_c1986
300 _axi, 337p.
942 _cBK
999 _c1929
_d1929